000 00301nam a22001337a 4500
008 190226b xxu||||| |||| 00| 0 eng d
020 _a9780321037947
041 _aeng
080 _25th
_a371
100 _a46
101 _aEDU
245 _aGuide to college reading
_cWhorter,K.T
942 _2udc
_cBK
999 _c54267
_d54267